000 00228nam a2200097Ia 4500
008 200302s9999 xx 000 0 und d
100 _aAuthor
245 _aOmni Culture & Series
260 _bArchi World Co. Ltd.
300 _a255 P.,
999 _c5733
_d5733